000 00437nam a2200181Ia 4500
001 16316
005 20260306170300.0
008 260306t2013||||xx |||||||||||||| ||und||
041 _aESP
082 _a348.2
_bF42A
100 _aFernández-Nóvoa, Carlos
_eAUT
245 0 _aManual de la propiedad industrial
260 _c2013
300 _a938 páginas :
_c23 cm.
650 _aGEN
654 _aCDE
942 _cLIB
_dJUS
_fJUS
_2ddc
_n
999 _c16316
_d16316